00601nam a2200193Ia 4500008004100000020001800041082001400059100002000073245003000093250000900123260004600132300002300178500001900201600001500220650001500235942000700250952013300257999001700390240925s9999 xx 000 0 und d a9788131725689 a658.3 MON aMondy, R. Wayne 0aHuman Resource Management a10th aNew Delhi:bPearson Printice Hallc,2009. a858p.b0fOriginal aIncludes Index aManagement aManagement cBK 001040708MANaUITUbUITUd2018-12-27eBismillah BookDepotg1297.00l0o658.3 MONpQ12800r2024-09-25 07:16:37w2024-09-25yBK c15299d15299